[Event "Troisdorf op"]
[Site "Troisdorf"]
[Date "2009.11.24"]
[Round "5"]
[White "Froitzheim, Ralf"]
[Black "Kurnosov, Sergei"]
[Result "1/2-1/2"]
[WhiteElo "1829"]
[BlackElo "1572"]
[PlyCount "108"]
[EventDate "2009.10.27"]
[EventType "swiss"]
[EventRounds "7"]
[EventCountry "GER"]
[SourceTitle "EXT 2011"]
[Source "ChessBase"]
[SourceDate "2010.11.26"]
[SourceVersion "1"]
[SourceVersionDate "2010.11.26"]
[SourceQuality "1"]

1. c4 e5 2. g3 Nc6 3. Bg2 Bc5 4. e3 Nf6 5. Ne2 0-0 6. 0-0 d6 7. d4 exd4 8. exd4 Bb6 9. Nbc3 a6 10. Bg5 h6 11. Bxf6 Qxf6 12. Nd5 Qg5 13. Nxb6 cxb6 14. f4 Qh5 15. Qd2 Bg4 16. Nc3 Rae8 17. Rae1 Nd8 18. Nd5 Be2 19. Rf2 Bxc4 20. Bf3 Rxe1+ 21. Qxe1 Qh3 22. b3 Bxd5 23. Bxd5 Nc6 24. Bg2 Qd7 25. d5 Re8 26. Re2 Rxe2 27. Qxe2 Qe7 28. Qd2 Nb8 29. Kf2 Qc7 30. Qe3 Qc5 31. Ke2 Qxe3+ 32. Kxe3 Kf8 33. Bh3 Ke7 34. Kd4 Nd7 35. Bg4 Nf6 36. Bc8 a5 37. Bxb7 Ng4 38. h3 Nf6 39. Ba6 Nd7 40. Be2 Nc5 41. Bd1 g6 42. Be2 Kd8 43. Bb5 Nd7 44. Be2 Nf6 45. Bf3 Ng8 46. Be2 Ne7 47. Bd3 Ng8 48. Be2 Nf6 49. Bf3 Kc7 50. Be2 Kb7 51. Bf3 b5 52. a3 Kb6 53. b4 a4 54. Be2 Nd7 1/2-1/2

[Event "Troisdorf op"]
[Site "Troisdorf"]
[Date "2009.11.10"]
[Round "3"]
[White "Sanders, Frank"]
[Black "Kurnosov, Sergei"]
[Result "1-0"]
[WhiteElo "1782"]
[BlackElo "1572"]
[PlyCount "67"]
[EventDate "2009.10.27"]
[EventType "swiss"]
[EventRounds "7"]
[EventCountry "GER"]
[SourceTitle "EXT 2011"]
[Source "ChessBase"]
[SourceDate "2010.11.26"]
[SourceVersion "1"]
[SourceVersionDate "2010.11.26"]
[SourceQuality "1"]

1. e4 e5 2. Nf3 Nc6 3. Nc3 a6 4. d4 exd4 5. Nxd4 Bc5 6. Be3 Bb4 7. Nxc6 bxc6 8. Qd4 Bxc3+ 9. Qxc3 f6 10. Be2 Ne7 11. Bh5+ g6 12. Be2 0-0 13. h4 Qe8 14. h5 d5 15. Bc5 dxe4 16. hxg6 hxg6 17. g4 Kg7 18. Qe3 Rh8 19. Rxh8 Kxh8 20. Qxe4 Bxg4 21. Qxg4 Nd5 22. 0-0-0 Kg7 23. c4 f5 24. Bd4+ Kf7 25. Qh4 Qxe2 26. cxd5 Qc4+ 27. Kb1 Qb4 28. Qf6+ Ke8 29. Qxc6+ Kf7 30. Qxa8 Qa4 31. b3 Qb5 32. Qc6 Qe2 33. Qxc7+ Ke8 34. Qe5+ 1-0

[Event "Troisdorf op"]
[Site "Troisdorf"]
[Date "2002.12.03"]
[Round "6"]
[White "Kurnosov, Sergei"]
[Black "Rozsa, Sandor1"]
[Result "0-1"]
[WhiteElo "1734"]
[BlackElo "1804"]
[PlyCount "110"]
[EventDate "2002.10.??"]
[EventType "swiss"]
[EventRounds "7"]
[EventCountry "GER"]
[SourceTitle "EXT 2005"]
[Source "ChessBase"]
[SourceDate "2004.11.15"]
[SourceVersion "1"]
[SourceVersionDate "2004.11.15"]
[SourceQuality "1"]

1. e4 c5 2. Nf3 Nc6 3. d4 cxd4 4. Nxd4 d6 5. Nc3 Nf6 6. f3 Bd7 7. Be3 a6 8. Qd2 Qc7 9. g4 e6 10. 0-0-0 b5 11. g5 Nh5 12. f4 b4 13. Nb1 Be7 14. Be2 Nxf4 15. Bxf4 Nxd4 16. Qxd4 e5 17. Qd5 Bc6 18. Qb3 Bxe4 19. Be3 Rc8 20. Bd3 Bxh1 21. Rxh1 Qc6 22. Rf1 0-0 23. Nd2 d5 24. Bf5 Rc7 25. h4 a5 26. Nf3 Bd6 27. Ne1 a4 28. Qd3 e4 29. Qd4 Bg3 30. Bf2 Bf4+ 31. Be3 Bxe3+ 32. Qxe3 Qc4 33. Rf4 Qxa2 34. Qd4 Rc4 35. Qe5 a3 36. b3 Qxb3 37. g6 Qe3+ 38. Kd1 Rd4+ 39. Nd3 Rxd3+ 40. cxd3 hxg6 41. Bxg6 Qxd3+ 42. Ke1 Qg3+ 43. Kf1 Qxg6 44. h5 Qa6+ 45. Kg2 a2 46. Rg4 Qe2+ 47. Kg3 Qxg4+ 48. Kxg4 Ra8 49. Qa1 b3 50. h6 b2 51. Qf1 b1Q 52. h7+ Kxh7 53. Qxf7 Qg1+ 54. Kh5 a1Q 55. Qf5+ g6+ 0-1

[Event "Troisdorf op"]
[Site "Troisdorf"]
[Date "2002.11.19"]
[Round "4"]
[White "Kurnosov, Sergei"]
[Black "Schlueter, Juergen"]
[Result "1-0"]
[WhiteElo "1734"]
[BlackElo "1465"]
[PlyCount "109"]
[EventDate "2002.10.??"]
[EventType "swiss"]
[EventRounds "7"]
[EventCountry "GER"]
[SourceTitle "EXT 2005"]
[Source "ChessBase"]
[SourceDate "2004.11.15"]
[SourceVersion "1"]
[SourceVersionDate "2004.11.15"]
[SourceQuality "1"]

1. e4 e5 2. Nf3 Nc6 3. Bc4 Nf6 4. Ng5 d5 5. exd5 Na5 6. Bb5+ c6 7. dxc6 bxc6 8. Be2 h6 9. Nf3 Bd6 10. d3 0-0 11. a3 Qc7 12. b4 Nb7 13. Nbd2 Bf5 14. Nc4 e4 15. dxe4 Nxe4 16. Nxd6 Nbxd6 17. Bf4 Rad8 18. 0-0 Rfe8 19. Bd3 Nc3 20. Qd2 Bxd3 21. cxd3 Ne2+ 22. Kh1 Nxf4 23. Qxf4 Qd7 24. Rac1 Re7 25. Ne5 g5 26. Nxd7 gxf4 27. Nf6+ Kh8 28. Rxc6 Nf5 29. Rfc1 Rxd3 30. Rc8+ Kg7 31. Nh5+ Kh7 32. Nxf4 Rxa3 33. Nd5 Re2 34. g4 Nh4 35. Nf6+ Kg6 36. R8c6 Kg7 37. Nh5+ Kh7 38. Rf6 Re7 39. Kg1 Ra4 40. Rf4 a5 41. bxa5 Rxa5 42. h3 Rae5 43. Ng3 Ng6 44. Rf6 Kg7 45. Rcc6 Re1+ 46. Kh2 R1e6 47. Nh5+ Kg8 48. Rc8+ Re8 49. Rc7 R6e7 50. Rfc6 Kh8 51. Rxe7 Rxe7 52. Kg3 Kh7 53. Rf6 Rc7 54. Nf4 Kg7 55. Rxg6+ 1-0